000 00411nam a2200169Ia 4500
001 40874
008 140424s9999 xx 000 0 und d
020 _a0345391691
040 _cPK-LaUMT
082 _a 291.17
_bARM-B
100 _aArmstrong, Karen
245 4 _aThe battle for God
_cArmstrong, Karen
260 _aNew York,USA:
_bBallantine Books,
_c2001
300 _a442 p.
546 _aEN
942 _cBK
999 _c40046
_d40046